[Event "Marostica m"]
[Site "Marostica"]
[Date "1989.??.??"]
[Round "1"]
[White "Andersson, Ulf"]
[Black "Karpov, Anatoly"]
[Result "1/2-1/2"]
[WhiteElo "2620"]
[BlackElo "2750"]

1.Nf3 Nf6 2.c4 b6 3.Nc3 Bb7 4.d4 e6 5.a3 d5 6.Bg5 Be7 7.cxd5 Nxd5 8.Bxe7 Nxe7
9.e3 Nd7 10.Be2 O-O 11.O-O c5 12.Rc1 cxd4 13.Nxd4 Ne5 14.Ndb5 a6 15.Nd6 Bd5
16.Nde4 Bc6 17.Qxd8 Rfxd8 18.Rfd1 Rxd1+ 19.Rxd1 Kf8 20.Bxa6 Nf5 21.Be2 Ke7
22.h3 h6 23.g4 Nh4 24.f4 Nd7 25.Kf2 f6 26.Bc4 Nf8 27.Bb5 Rc8 28.Ba6 Ra8 29.Bb5 Bxb5
30.Nxb5 Rc8 31.Nec3 g5 32.Rd4 Nd7 33.Ra4 f5 34.Nd4 fxg4 35.hxg4 gxf4 36.exf4 Rg8
37.Kg3 Nf5+ 38.Kf3 Nh4+ 39.Kg3 Nf5+ 40.Kh3 Nxd4 41.Rxd4 Nf6 42.Ne4 Nxg4 43.Rb4 e5
44.fxe5 Ke6 45.Rxb6+ Kxe5 46.Rb4 Ne3 47.Nc3 Ng2 48.a4 Nf4+ 49.Kh2 Nd3 50.Rb5+ Kd4  1/2-1/2

[Event "Reggio Emilia8990"]
[Site "Reggio Emilia"]
[Date "1989.??.??"]
[Round "1"]
[White "Karpov, Anatoly"]
[Black "Andersson, Ulf"]
[Result "1/2-1/2"]
[WhiteElo "2750"]
[BlackElo "2620"]

1.d4 Nf6 2.c4 e6 3.Nc3 Bb4 4.Qc2 O-O 5.a3 Bxc3+ 6.Qxc3 b6 7.Bg5 Bb7 8.f3 d6
9.e4 c5 10.dxc5 bxc5 11.Rd1 Nc6 12.Nh3 Nd4 13.Nf2 h6 14.Be3 e5 15.Bd3 a5
16.b3 Bc6 17.O-O Qb6 18.Rb1 Rfb8 19.Bxd4 cxd4 20.Qd2 Bd7 21.g3 Ra7 22.Rfc1 Be6
23.f4 exf4 24.gxf4 Re8 25.Re1 Bc8 26.Bf1 Rae7 27.Rbd1 Qxb3 28.Qxd4 Qxa3 29.Qxd6 Qxd6
30.Rxd6 Nh5 31.Nd3 Kf8 32.Bg2 g5 33.fxg5 hxg5 34.Rd5 Nf6 35.Rxg5 Nxe4 36.Rxa5 f5
37.Nf4 Rc7 38.Nd5 Rg7 39.h3 Bb7 40.Nf4 Nd6 41.Rxe8+ Kxe8 42.Ra7 Rf7 43.Bxb7 Rxb7
44.Rxb7 Nxb7 45.Nd3 Na5 46.c5 Nc6 47.Kf2 Kf7 48.Ke3 Kg6 49.Kf4 Kf6 50.h4 Nd4
51.Ke3 Nc2+ 52.Kd2 Nd4 53.Kc3 Ne6 54.c6 Ke7 55.h5 Kd6 56.Nb4 f4 57.h6 Ng5
58.Kd4 f3 59.Ke3 Kc7 60.Kf2 Kd6 61.Kg3 Kc7 62.Kh2  1/2-1/2

[Event "Reggio Emilia8990"]
[Site "Reggio Emilia"]
[Date "1989.??.??"]
[Round "3"]
[White "De Firmian, Nick E"]
[Black "Andersson, Ulf"]
[Result "1/2-1/2"]
[WhiteElo "2570"]
[BlackElo "2620"]

1.e4 e6 2.d4 d5 3.Nc3 Nf6 4.Bg5 dxe4 5.Nxe4 Be7 6.Bxf6 gxf6 7.Nf3 b6 8.Bd3 Bb7
9.Qe2 Nd7 10.O-O-O c6 11.Ba6 Bxa6 12.Qxa6 Qc7 13.Qe2 O-O-O 14.Kb1 f5 15.Ned2 Bf6
16.Nc4 b5 17.Nce5 Nxe5 18.Nxe5 Rd5 19.c4 bxc4 20.Qxc4 c5 21.Rc1 Kb8 22.f4 Rc8
23.Rhd1 Ka8 24.dxc5 Rxd1 25.Rxd1 Bxe5 26.fxe5 Qxc5 27.Qe2 h5 28.g3 Qc4 29.Qf3+ Qc6
30.Qe2 Qc4 31.Qf3+ Qc6 32.Qe2  1/2-1/2

[Event "Reggio Emilia8990"]
[Site "Reggio Emilia"]
[Date "1989.??.??"]
[Round "4"]
[White "Andersson, Ulf"]
[Black "Petursson, Margeir"]
[Result "0-1"]
[WhiteElo "2620"]
[BlackElo "2530"]

1.Nf3 Nf6 2.c4 e6 3.g3 d5 4.Bg2 Be7 5.O-O O-O 6.d4 dxc4 7.Qc2 a6 8.Qxc4 b5
9.Qc2 Bb7 10.Bg5 Nbd7 11.Bxf6 Nxf6 12.Nbd2 Rc8 13.Nb3 c5 14.dxc5 a5 15.a4 Be4
16.Qc3 b4 17.Qe3 Bd5 18.Rfd1 Qc7 19.Nfd4 Bxg2 20.Kxg2 Bxc5 21.Rac1 Bxd4 22.Qxd4 Qb7+
23.Kg1 Qa6 24.Qe5 Nd5 25.Nc5 Qc6 26.Rd2 Nb6 27.Rdc2 Rcd8 28.Nb3 Rd1+ 29.Rxd1 Qxc2
30.Qd4 Qxb3 31.Rd3 Qxa4 32.Qxb6 Qa1+ 33.Kg2 Qxb2 34.Qxa5 g6 35.Qb6 Rc8 36.Qb7 Qc2
37.Rf3 Rf8 38.Qb5 Qe4 39.h4 Rd8 40.Kh2 e5 41.Re3 Qd4 42.Qxe5 Qxe5 43.Rxe5 Rb8
44.Rd5 f5 45.Rd2 Kf7 46.Kg2 Ke6 47.Kf3 b3 48.Rb2 Kd5 49.Ke3 Kc4 50.Kd2 Rd8+  0-1

[Event "Reggio Emilia8990"]
[Site "Reggio Emilia"]
[Date "1989.??.??"]
[Round "5"]
[White "Ivanchuk, Vassily"]
[Black "Andersson, Ulf"]
[Result "1/2-1/2"]
[WhiteElo "2635"]
[BlackElo "2620"]

1.d4 Nf6 2.c4 e6 3.Nf3 Bb4+ 4.Bd2 Bxd2+ 5.Qxd2 d5 6.g3 Nbd7 7.Bg2 c6 8.O-O O-O
9.Qc3 Ne4 10.Qc2 Qe7 11.Na3 Nd6 12.Ne5 Nf5 13.e3 Nxe5 14.dxe5 Bd7 15.Rad1 Rfd8
16.Rfe1 Be8 17.Bh3  1/2-1/2

[Event "Reggio Emilia8990"]
[Site "Reggio Emilia"]
[Date "1989.??.??"]
[Round "7"]
[White "Andersson, Ulf"]
[Black "Georgiev, Kiril"]
[Result "1/2-1/2"]
[WhiteElo "2620"]
[BlackElo "2590"]

1.Nf3 Nf6 2.c4 e6 3.Nc3 d5 4.d4 Be7 5.Bg5 h6 6.Bh4 O-O 7.e3 b6 8.cxd5 Nxd5
9.Bxe7 Nxe7 10.Be2 Bb7 11.O-O Nd7 12.Qa4 c6 13.Rfd1 Qc7 14.Rac1 Rfd8 15.Qa3 Nd5
16.Nb5 Qb8 17.Nd6 a5 18.Ne1 c5 19.Nxb7 Qxb7 20.dxc5 Nxc5 21.Bf3 Rd7 22.h3 Rad8
23.Nd3 Nxd3 24.Rxd3 Qb8 25.Qa4 Nf6 26.Rdc3 Nd5 27.Qxd7 Nxc3 28.Qe7 Nd5 29.Bxd5 Rxd5
30.b3 Qd8 31.Qxd8+  1/2-1/2

[Event "Reggio Emilia8990"]
[Site "Reggio Emilia"]
[Date "1989.??.??"]
[Round "8"]
[White "Gurevich, Mikhail"]
[Black "Andersson, Ulf"]
[Result "1/2-1/2"]
[WhiteElo "2590"]
[BlackElo "2620"]

1.d4 Nf6 2.c4 e6 3.Nc3 Bb4 4.Qc2 O-O 5.a3 Bxc3+ 6.Qxc3 b6 7.Bg5 Bb7 8.f3 h6
9.Bh4 c5 10.dxc5 bxc5 11.Nh3 Nc6 12.e3 Qa5 13.Qxa5 Nxa5 14.b4 cxb4 15.axb4 Nc6
16.b5 Ne7 17.Bd3 Rfc8 18.e4 Ng6 19.Bg3 d5 20.cxd5 exd5 21.e5 Nd7 22.e6 Nc5
23.exf7+ Kxf7 24.Bf5 Re8+ 25.Kf2 Ne5 26.Rhd1 g5 27.Kg1 Nc4 28.Bf2 Ne3 29.Bxe3 Rxe3
30.Rac1 Nb3 31.Rc7+ Re7 32.Rc3 Na5 33.f4 Nc4 34.Bg4 Ne3 35.Bh5+ Kg8 36.Rdd3 d4
37.Rxd4 Nxg2 38.fxg5 Rf8 39.Rc1 Re5 40.Rd7 Be4 41.Rcc7 Nh4 42.Bf7+ Kh8 43.Re7 Bf5
44.Rxe5 Nf3+ 45.Kg2 Nxe5 46.g6 Bxg6 47.Bd5 Bd3 48.Kg3 Bxb5 49.Nf4 Bd7 50.Rxa7 Bf5
51.Ra6 Kh7 52.Ne6 Rg8+ 53.Kf4 Bxe6 54.Rxe6 Ng6+ 55.Ke3 Kg7 56.Rxg6+ Kxg6
57.Bxg8 Kg7 58.Bd5 Kh8 59.Kf4 Kg7 60.Kf5 Kh8 61.Kg6 h5  1/2-1/2

[Event "Biel"]
[Site "Biel"]
[Date "1990.??.??"]
[Round "3"]
[White "Wahls, Matthias"]
[Black "Andersson, Ulf"]
[Result "1/2-1/2"]
[WhiteElo "2525"]
[BlackElo "2630"]

1.e4 c5 2.Nf3 Nc6 3.Bb5 g6 4.O-O Bg7 5.c3 Nf6 6.Re1 Qb6 7.Ba4 O-O 8.e5 Nd5
9.Bb3 e6 10.d4 cxd4 11.cxd4 d6 12.Na3 Na5 13.Ba4 dxe5 14.dxe5 a6 15.Nc2 Qc7
16.Ne3 Rd8 17.Qc2 Qxc2 18.Bxc2 Bd7 19.Nxd5 exd5 20.Bg5 Rdc8 21.Bb3 Be6 22.Nd4 Nc6
23.Rad1 Rc7 24.Bf6 Bf8 25.Nf3 Rd7 26.h3 Re8 27.g4 h6 28.Re2 d4 29.Bxe6 Rxe6
30.Ne1 Be7 31.Bxe7 Rdxe7 32.Nf3 Nxe5 33.Rxe5 Rxe5 34.Nxe5 Rxe5 35.Rxd4  1/2-1/2

[Event "Biel"]
[Site "Biel"]
[Date "1990.??.??"]
[Round "4"]
[White "Andersson, Ulf"]
[Black "Karpov, Anatoly"]
[Result "1/2-1/2"]
[WhiteElo "2630"]
[BlackElo "2730"]

1.Nf3 Nf6 2.c4 b6 3.g3 Bb7 4.Bg2 e6 5.O-O Be7 6.Nc3 O-O 7.d4 Ne4 8.Qc2 Nxc3
9.Qxc3 c5 10.b3 d6 11.Bb2 Bf6 12.Rad1 Qc7 13.Qd2 Rd8 14.dxc5 dxc5 15.Qf4 Na6
16.Qxc7 Nxc7 17.Bxf6 gxf6 18.Nd2 Bxg2 19.Kxg2 Kf8 20.Ne4 Ke7 21.Nc3 Na6 22.Rxd8 Rxd8
23.Rd1 Rxd1 24.Nxd1 Nb4 25.Nc3 f5 26.f4 Kf6 27.Kf3 Kg6 28.e3 Kh5 29.h3 Kg6
30.e4 h5 31.exf5+  1/2-1/2

[Event "Biel"]
[Site "Biel"]
[Date "1990.??.??"]
[Round "6"]
[White "Andersson, Ulf"]
[Black "Hort, Vlastimil"]
[Result "1/2-1/2"]
[WhiteElo "2630"]
[BlackElo "2545"]

1.d4 d5 2.Nf3 c6 3.Bf4 Bf5 4.e3 e6 5.Bd3 Bg6 6.Bxg6 hxg6 7.Qd3 Bd6 8.Bxd6 Qxd6
9.c4 Nd7 10.Nc3 Ngf6 11.O-O-O Qb4 12.Nd2 Nb6 13.a3 dxc4 14.Qe2 Qd6 15.h3 a5  1/2-1/2

[Event "Biel"]
[Site "Biel"]
[Date "1990.??.??"]
[Round "8"]
[White "De Firmian, Nick E"]
[Black "Andersson, Ulf"]
[Result "1/2-1/2"]
[WhiteElo "2560"]
[BlackElo "2630"]

1.e4 e6 2.d4 d5 3.Nc3 Nf6 4.e5 Nfd7 5.f4 c5 6.Nf3 Nc6 7.Be3 cxd4 8.Nxd4 Bc5
9.Qd2 Nxd4 10.Bxd4 Bxd4 11.Qxd4 Qb6 12.Qxb6 Nxb6 13.Nb5 Ke7 14.Bd3 Bd7 15.Nd4 Na4
16.O-O-O Nc5 17.Kd2 g5 18.fxg5 Rag8 19.h4 h6 20.Nf3 hxg5 21.Nxg5 Rxh4 22.Rxh4 Rxg5
23.g4 Rxe5 24.Rh5 Ne4+ 25.Bxe4 Rxe4 26.Re1 Rd4+ 27.Kc1 Bc6 28.Rg1 Rf4 29.Rh2 d4
30.Kd2 Be4 31.c3 dxc3+ 32.Kxc3 Bd5 33.a3 Rf3+ 34.Kd2 a5 35.g5 Rb3 36.Kc1 Rf3
37.Kd2 Rb3 38.Ke1 Re3+ 39.Re2 Rh3 40.Rf2 Re3+ 41.Kd2 Rb3 42.Kc1 Rh3 43.Rgf1 Rh7
44.Rf6 Rg7 45.Rg1 Kd6 46.Kd2 Be4 47.Rh6 Rg8 48.Ke3 Bf5 49.Rd1+ Ke5 50.Rd7 Rxg5
51.Rxb7 Rg3+ 52.Kf2 Rd3 53.Rb5+ Kf4 54.Rxa5 Rd2+ 55.Ke1 Rxb2 56.Rh4+ Bg4
57.Ra4+ Ke3 58.Rb4 Ra2 59.Rb3+ Kf4 60.Rb4+  1/2-1/2

[Event "Biel"]
[Site "Biel"]
[Date "1990.??.??"]
[Round "10"]
[White "Andersson, Ulf"]
[Black "Wahls, Matthias"]
[Result "1/2-1/2"]
[WhiteElo "2630"]
[BlackElo "2525"]

1.Nf3 Nf6 2.c4 g6 3.g3 Bg7 4.Bg2 O-O 5.Nc3 c6 6.O-O d5 7.cxd5 cxd5 8.d4 Ne4
9.Nxe4 dxe4 10.Ne5 Qb6 11.Bxe4 Rd8 12.Qc2 Qxd4 13.Bf4 Bxe5 14.Rfd1 Qb6 15.Rxd8+ Qxd8
16.Bxe5 Nc6 17.Rd1 Qe8 18.Bxc6 bxc6 19.Qxc6 Be6 20.Qc7 f6 21.Bc3 Kf7 22.a3 a5
23.Rd3 a4 24.f3 Qb8 25.Qxb8 Rxb8 26.Rd4 Bb3 27.g4 Rb5 28.Rd7 Rd5 29.Ra7 Ke8
30.Ba5 h5 31.gxh5 Rg5+ 32.Kf1 Rxh5 33.Bb4 Re5 34.Kf2 Kf7 35.h4 Re6 36.e4 Re5
37.Ke3 Re6 38.Kf4 Re5 39.Rc7 Re6 40.Bc5 Re5 41.Bd6 Re6 42.Bb4 Ke8 43.Ke3 f5
44.Kf4 fxe4 45.fxe4 Kf7 46.e5 Ba2 47.Ke4 Bb1+ 48.Kd4 Ba2 49.Bc3 Bb3 50.Kc5 Ra6
51.Kb5 Ra8 52.Rc6 Ra7 53.Rb6 Ra8 54.Bb4 Rd8 55.Bc3 Ra8 56.Kb4 Ra7 57.Bd4 Rd7
58.Be3 Rd3 59.Bc5 Rd5 60.e6+ Kf6 61.Rb7  1/2-1/2

[Event "Biel"]
[Site "Biel"]
[Date "1990.??.??"]
[Round "11"]
[White "Karpov, Anatoly"]
[Black "Andersson, Ulf"]
[Result "1/2-1/2"]
[WhiteElo "2730"]
[BlackElo "2630"]

1.d4 Nf6 2.c4 e6 3.Nf3 Bb4+ 4.Nbd2 b6 5.a3 Bxd2+ 6.Bxd2 Bb7 7.Bg5 d6 8.e3 Nbd7
9.Bh4 O-O 10.Bd3 c5 11.O-O cxd4 12.exd4 d5 13.cxd5 Bxd5 14.Ne5 Qc7 15.Qe2 Rac8
16.Rfe1 Bb7 17.Rad1 Nd5 18.Qh5 N7f6 19.Qg5 Ne7 20.f3 Ng6 21.Bf2 Nd5 22.Qd2 Qe7
23.Bg3 Rfd8 24.Ng4 Rd7 25.h3 Qd8 26.h4 Nf6 27.Nxf6+ Qxf6 28.h5 Ne7 29.Qf4 Qxf4
30.Bxf4 h6 31.Kf2 Kf8 32.Be3 Nd5 33.Bd2 Rcd8 34.Bb5 Rc7 35.Rc1 Rdc8 36.Bd3 Rxc1
37.Bxc1 Bc6 38.g4 Nf6 39.Ba6 Rd8 40.Be3 Nd5 41.Rc1 Nxe3 42.Kxe3 Rd6 43.f4 f6
44.Bd3 Ke7 45.b4 Be8 46.Be4 Rd8 47.f5 e5 48.dxe5 fxe5 49.Rc7+ Rd7 50.Rc8 Rd8
51.Rxd8 Kxd8 52.g5 Ke7 53.f6+ gxf6 54.gxh6 Kf8 55.h7 Kg7 56.h6+ Kh8 57.Bf5 Bc6  1/2-1/2

[Event "Biel"]
[Site "Biel"]
[Date "1990.??.??"]
[Round "14"]
[White "Andersson, Ulf"]
[Black "Lautier, Joel"]
[Result "1-0"]
[WhiteElo "2630"]
[BlackElo "2570"]

1.Nf3 Nf6 2.d4 e6 3.g3 b5 4.Bg2 Bb7 5.O-O Be7 6.Bg5 c5 7.dxc5 Bxc5 8.Qd3 a6
9.c4 bxc4 10.Qxc4 Be7 11.Nc3 h6 12.Qb3 Bc6 13.Bf4 O-O 14.Rfd1 a5 15.Nd4 Bxg2
16.Kxg2 Ra6 17.Rac1 Rb6 18.Ndb5 Na6 19.f3 Nc5 20.Qc2 d6 21.e4 Qb8 22.Qe2 Rd8
23.Rc2 Ne8 24.b3 Qb7 25.Na3 Ra6 26.Nc4 Rc8 27.Be3 Bf6 28.Rdc1 Nd7 29.Qd2 Bd8
30.Na4 Rac6 31.Ncb2 Rxc2 32.Rxc2 Rxc2 33.Qxc2 Nef6 34.Nc4 d5 35.exd5 Nxd5
36.Bf2 Nb4 37.Qd2 Qd5 38.Nc3 Qxd2 39.Nxd2 Ne5 40.f4 Ned3 41.Nc4 Nc1 42.Bb6 Bxb6
43.Nxb6 Nd5 44.Nbxd5 exd5 45.Kf3 d4 46.Nb5 Nxa2 47.Nxd4 Nb4 48.Ke4 Kf8 49.Nf5 Nc2
50.Kd5 g6 51.Nd4 Ne3+ 52.Kd6 Nf1 53.Nc6 Nxh2 54.Nxa5 Nf1 55.b4 Ke8 56.b5 Kd8
57.b6 Kc8 58.Kc6 Kb8 59.Nb3  1-0

[Event "FRA-chT"]
[Site "FRA"]
[Date "1990.??.??"]
[Round "?"]
[White "Andersson, Ulf"]
[Black "Renet, Olivier"]
[Result "1-0"]
[WhiteElo "2630"]
[BlackElo "2520"]

1.Nf3 Nf6 2.c4 g6 3.Nc3 Bg7 4.e4 d6 5.d4 O-O 6.Be2 e5 7.dxe5 dxe5 8.Qxd8 Rxd8
9.Bg5 Re8 10.O-O-O Na6 11.Ne1 Nc5 12.f3 Ne6 13.Be3 c6 14.Nc2 h5 15.h4 Kh7
16.c5 Bh6 17.Bxh6 Kxh6 18.b4 Re7 19.Bc4 Ne8 20.Rd2 b6 21.cxb6 axb6 22.Kb2 Rb8
23.a4 N8c7 24.Rhd1 c5 25.Rb1 Nd4 26.bxc5 bxc5+ 27.Kc1 Rxb1+ 28.Kxb1 Ba6 29.Ne3 Bxc4
30.Nxc4 Na6 31.Nd5 Rb7+ 32.Rb2 Rxb2+ 33.Kxb2 Nc6 34.Kc3 Kg7 35.Nd2 Na5 36.Nb3 Nb7
37.Nb6 Kf6 38.Kc4  1-0

[Event "Haninge"]
[Site "Haninge"]
[Date "1990.??.??"]
[Round "1"]
[White "Andersson, Ulf"]
[Black "Van der Wiel, John TH"]
[Result "1/2-1/2"]
[WhiteElo "2630"]
[BlackElo "2550"]

1.Nf3 d5 2.d4 Nf6 3.c4 c6 4.e3 Bf5 5.Bd3 e6 6.Nc3 Be7 7.Bxf5 exf5 8.Qb3 Qb6
9.Qxb6 axb6 10.cxd5 Nxd5 11.Nxd5 cxd5 12.Bd2 Nc6 13.Ke2 Kd7 14.a3 Bd6 15.g3 f6
16.Rhc1 Rhc8 17.Kd3 Nd8 18.Rxc8 Rxc8 19.Ng1 Nf7 20.f3 Ng5 21.Rf1 h5 22.Ne2 Rh8
23.Nc3 Ke6 24.Be1 Rc8 25.Bd2 Rh8 26.Be1 Rc8 27.Bd2 Rh8 28.Be1  1/2-1/2

[Event "Haninge"]
[Site "Haninge"]
[Date "1990.??.??"]
[Round "2"]
[White "Andersson, Ulf"]
[Black "Hellers, Ferdinand"]
[Result "1/2-1/2"]
[WhiteElo "2630"]
[BlackElo "2525"]

1.Nf3 Nf6 2.d4 g6 3.g3 Bg7 4.Bg2 O-O 5.O-O d5 6.Nbd2 c6 7.c3 Bf5 8.Re1 Nbd7
9.Nh4 Be6 10.e4 dxe4 11.Nxe4 Nxe4 12.Bxe4 Qb6 13.Qc2 Rfe8 14.Be3 Bd5 15.Bd3 Qa5
16.Bd2 Qb6 17.Be3  1/2-1/2

[Event "Haninge"]
[Site "Haninge"]
[Date "1990.??.??"]
[Round "3"]
[White "Hector, Jonny"]
[Black "Andersson, Ulf"]
[Result "1-0"]
[WhiteElo "2465"]
[BlackElo "2630"]

1.e4 c5 2.Nf3 Nc6 3.d4 cxd4 4.Nxd4 g6 5.Nc3 Bg7 6.Be3 Nf6 7.Bc4 Qa5 8.O-O O-O
9.h3 Qb4 10.Bb3 Nxe4 11.Nd5 Qa5 12.Nxc6 dxc6 13.Nxe7+ Kh8 14.Re1 Nc5 15.Qd6 Nxb3
16.axb3 Qd8 17.Qxd8 Rxd8 18.Bb6 Rf8 19.Nxc8 Rfxc8 20.Rxa7 Rxa7 21.Bxa7 Ra8
22.Bc5 Bf6 23.c3 Kg7 24.Kf1 h5 25.Ke2 Ra2 26.Rb1 Bxc3 27.Ba3 c5 28.Kd3 Bd4
29.Kc4 Bxf2 30.b4 cxb4 31.Kxb4 f5 32.Kb3 Rxa3+ 33.bxa3 b6 34.Rc1 Be3 35.Rc6 g5
36.Kc4 g4 37.Kd5 f4 38.Ke4 gxh3 39.gxh3 Kh7 40.a4 Kg7 41.Re6 Kh7 42.Kf5 Kg7
43.Re7+ Kf8 44.Re4 Kf7 45.Kg5 Bd2 46.Re2 Bc1 47.Kxh5  1-0

[Event "Haninge"]
[Site "Haninge"]
[Date "1990.??.??"]
[Round "4"]
[White "Andersson, Ulf"]
[Black "Ftacnik, Lubomir"]
[Result "1-0"]
[WhiteElo "2630"]
[BlackElo "2560"]

1.Nf3 g6 2.d4 Nf6 3.g3 Bg7 4.Bg2 O-O 5.O-O d5 6.Nbd2 Na6 7.Nb3 c6 8.Bf4 Re8
9.Rc1 Bf5 10.Ne5 Nd7 11.Re1 Nxe5 12.dxe5 f6 13.exf6 Bxf6 14.e4 dxe4 15.c3 Qxd1
16.Rcxd1 Rad8 17.Rxd8 Rxd8 18.Bxe4 Bxe4 19.Rxe4 Rd5 20.Ra4 Kf7 21.Kf1 Ke8
22.Ke2 Kd7 23.Be3 c5 24.Re4 Kc8 25.g4 b6 26.Nd2 Nc7 27.Nf3 Kd7 28.g5 Bg7
29.Rh4 Ne6 30.Rxh7 Ke8 31.Rh4 Nd8 32.Re4 Kf7 33.Rf4+ Ke8 34.Ra4 Nc6 35.Nh4 Rd6
36.f4 a5 37.Re4  1-0

[Event "Haninge"]
[Site "Haninge"]
[Date "1990.??.??"]
[Round "5"]
[White "Karpov, Anatoly"]
[Black "Andersson, Ulf"]
[Result "1-0"]
[WhiteElo "2730"]
[BlackElo "2630"]

1.d4 Nf6 2.c4 e6 3.Nc3 Bb4 4.Qc2 O-O 5.a3 Bxc3+ 6.Qxc3 b6 7.Bg5 Bb7 8.f3 d6
9.e3 Nbd7 10.Nh3 c5 11.dxc5 bxc5 12.Be2 a5 13.Rd1 h6 14.Bf4 d5 15.O-O Qb6
16.Bg3 Ba6 17.Rf2 Ra7 18.cxd5 Nxd5 19.Qc1 Bxe2 20.Rxe2 Qb5 21.Rc2 Rb7 22.Nf2 N5f6
23.e4 Rc8 24.Rd3 Nb6 25.b3 Rd7 26.Rdc3 c4 27.bxc4 Qc5 28.Bf4 Na4 29.Rb3 Qc6
30.Be3 Rdd8 31.Rb5 Nd7 32.Rxa5 Ndc5 33.Qb1 Nb7 34.Rb5 Nd6 35.Rb4 Nc5  1-0

[Event "Haninge"]
[Site "Haninge"]
[Date "1990.??.??"]
[Round "6"]
[White "Andersson, Ulf"]
[Black "Karlsson, Lars"]
[Result "1/2-1/2"]
[WhiteElo "2630"]
[BlackElo "2520"]

1.d4 f5 2.g3 Nf6 3.Bg2 e6 4.Nf3 Be7 5.O-O O-O 6.b3 Nc6 7.c4 d5 8.Ba3 Nb4
9.Ne5 a5 10.Nc3 Ra6 11.e3 Ne4 12.Bb2 Bf6 13.a3 Nc6 14.Nd3 Ne7 15.Qc2 Rc6
16.c5 Ra6 17.Ne2 g6 18.f3 Ng5 19.b4 Bd7 20.Nc3 Qe8 21.Rfe1 b5 22.Ne5 Nf7
23.f4 a4  1/2-1/2

[Event "Haninge"]
[Site "Haninge"]
[Date "1990.??.??"]
[Round "7"]
[White "Sax, Gyula"]
[Black "Andersson, Ulf"]
[Result "1/2-1/2"]
[WhiteElo "2605"]
[BlackElo "2630"]

1.e4 c5 2.Nf3 Nc6 3.d4 cxd4 4.Nxd4 g6 5.c4 Nf6 6.Nc3 d6 7.Be2 Nxd4 8.Qxd4 Bg7
9.Bg5 O-O 10.Qd2 Be6 11.Rc1 Qa5 12.f3 Rfc8 13.b3 a6 14.Na4 Qxd2+ 15.Kxd2 Nd7
16.h4 f6 17.Be3 f5 18.Bd3 Rab8 19.h5 b5 20.cxb5 Rxc1 21.Rxc1 axb5 22.Nc3 Nc5  1/2-1/2

[Event "Novi Sad ol (Men)"]
[Site "Novi Sad"]
[Date "1990.??.??"]
[Round "5"]
[White "Spraggett, Kevin"]
[Black "Andersson, Ulf"]
[Result "0-1"]
[WhiteElo "2540"]
[BlackElo "2630"]

1.e4 c5 2.Nf3 Nc6 3.d4 cxd4 4.Nxd4 g6 5.c4 Nf6 6.Nc3 d6 7.Nc2 Bg7 8.Be2 O-O
9.O-O a6 10.Re1 Rb8 11.Bd2 Bd7 12.Rb1 Ne8 13.b4 Nc7 14.a4 a5 15.b5 Nd4 16.Nxd4 Bxd4
17.Rb3 e5 18.Bf1 Ne6 19.Nd5 Nc5 20.Rg3 Be6 21.Bc3 Bxd5 22.Bxd4 Nxe4 23.Ra3 exd4
24.Qxd4 Nf6 25.cxd5 Nd7 26.Rae3 Qf6 27.Qa7 Nc5 28.Qxa5 Ra8 29.Qc7 Rxa4 30.Rf3 Rf4
31.Rxf4 Qxf4 32.g3 Qf6 33.Qa5 Qd8 34.Qc3 Re8 35.Rc1 Qe7 36.h4 h5 37.Bg2 Qe2
38.Qf6 Qe5 39.Qf3 Kg7 40.Qd1 Ra8 41.Qc2 Ra3 42.b6 Rb3 43.Rb1 Rxb1+ 44.Qxb1 Qd4
45.Qc2 Qb4  0-1

[Event "Novi Sad ol (Men)"]
[Site "Novi Sad"]
[Date "1990.??.??"]
[Round "6"]
[White "Fernandes, Antonio"]
[Black "Andersson, Ulf"]
[Result "1/2-1/2"]
[WhiteElo "2445"]
[BlackElo "2630"]

1.e4 c5 2.Nf3 Nc6 3.d4 cxd4 4.Nxd4 g6 5.Be3 Bg7 6.Nc3 Nf6 7.Nxc6 bxc6 8.e5 Ng8
9.f4 f6 10.exf6 Nxf6 11.Be2 O-O 12.O-O Qa5 13.Qd2 Rb8 14.Rab1 d6 15.a3 Ng4
16.Bd4 Bxd4+ 17.Qxd4 Qb6 18.Qxb6 axb6 19.Bf3 Bd7 20.Rbe1 Rf7 21.g3 h6 22.Ne4 Kf8
23.Re2 Nf6 24.Rfe1 Nxe4 25.Bxe4 Rf6 26.Bd3 e6 27.Rd2 Ke7 28.h4 Rg8 29.Rh2 Rg7
30.Rf1 b5 31.Rff2 Be8 32.Kf1 c5 33.c3 d5 34.Ke2 Kd6 35.Rf1 Rb7 36.Ke3 Re7
37.Kd2 Rf8 38.Re1 e5 39.fxe5+ Rxe5 40.Rxe5 Kxe5 41.Re2+ Kd6 42.Re1 g5 43.hxg5 hxg5
44.Rf1  1/2-1/2

[Event "Novi Sad ol (Men)"]
[Site "Novi Sad"]
[Date "1990.??.??"]
[Round "7"]
[White "Andersson, Ulf"]
[Black "Hansen, Curt"]
[Result "1/2-1/2"]
[WhiteElo "2630"]
[BlackElo "2560"]

1.Nf3 g6 2.d4 Bg7 3.e4 d6 4.Be2 Nf6 5.Nc3 O-O 6.O-O c6 7.Re1 Nbd7 8.Bf4 Qa5
9.Nd2 Qc7 10.a4 e5 11.dxe5 dxe5 12.Be3 Rd8 13.f3 b6 14.Qb1 Nf8 15.Nd1 Ne6
16.c3 h5  1/2-1/2

[Event "Novi Sad ol (Men)"]
[Site "Novi Sad"]
[Date "1990.??.??"]
[Round "11"]
[White "Andersson, Ulf"]
[Black "Barbero, Gerardo F"]
[Result "1-0"]
[WhiteElo "2630"]
[BlackElo "2475"]

1.Nf3 d5 2.d4 Nf6 3.c4 c6 4.e3 g6 5.Bd3 Bg7 6.O-O O-O 7.Nc3 dxc4 8.Bxc4 Nbd7
9.Qe2 Qc7 10.e4 Nb6 11.Bb3 Bg4 12.h3 Bxf3 13.Qxf3 e5 14.dxe5 Qxe5 15.Bf4 Qe7
16.Rfe1 Nfd7 17.Rad1 Ne5 18.Qe2 Rad8 19.a3 Kh8 20.Be3 g5 21.Rf1 Ng6 22.Qc2 Rde8
23.Rd2 Rg8 24.Ne2 Be5 25.Nd4 Qf6 26.a4 Nf4 27.Nf5 g4 28.h4 Ne6 29.g3 Nc8
30.Rfd1 a6 31.Rd7 b5 32.Qxc6 Ne7 33.Nxe7 Rxe7 34.Qxa6 Bxb2 35.Qb7 Rxd7 36.Rxd7 Nd8
37.Qd5 Ne6 38.Qh5 Rg7 39.Bd1 Qe5 40.Qxe5 Bxe5 41.h5  1-0

[Event "Novi Sad ol (Men)"]
[Site "Novi Sad"]
[Date "1990.??.??"]
[Round "12"]
[White "Short, Nigel D"]
[Black "Andersson, Ulf"]
[Result "1/2-1/2"]
[WhiteElo "2610"]
[BlackElo "2630"]

1.e4 c5 2.Nf3 Nc6 3.d4 cxd4 4.Nxd4 g6 5.c4 Nf6 6.Nc3 d6 7.Be2 Nxd4 8.Qxd4 Bg7
9.Bg5 O-O 10.Qd2 a6 11.O-O Be6 12.f3 Qa5 13.Nd5 Qxd2 14.Nxe7+ Kh8 15.Bxd2 Rfe8
16.Nd5 Nxd5 17.cxd5 Bxd5 18.Bc3  1/2-1/2

[Event "Novi Sad ol (Men)"]
[Site "Novi Sad"]
[Date "1990.??.??"]
[Round "14"]
[White "Boensch, Uwe"]
[Black "Andersson, Ulf"]
[Result "1/2-1/2"]
[WhiteElo "2510"]
[BlackElo "2630"]

1.d4 Nf6 2.c4 e6 3.Nf3 Bb4+ 4.Bd2 Bxd2+ 5.Qxd2 O-O 6.g3 d5 7.Bg2 Nbd7 8.O-O c6
9.Rc1 Re8 10.Na3 h6 11.Rc2 Qe7 12.Rd1 Ne4 13.Qe3 Nd6 14.Qb3 Rb8 15.Ne5 Nf5
16.e3 Nxe5 17.dxe5 Bd7 18.e4 dxe4 19.Rcd2 Red8 20.Bxe4 c5 21.Nb5 Bxb5 22.Rxd8+ Rxd8
23.Rxd8+ Qxd8 24.Qxb5 Qd1+ 25.Kg2 Ne3+ 26.fxe3 Qe2+ 27.Kh3 Qh5+ 28.Kg2 Qe2+  1/2-1/2

[Event "Szirak m"]
[Site "Szirak"]
[Date "1990.??.??"]
[Round "1"]
[White "Andersson, Ulf"]
[Black "Sax, Gyula"]
[Result "1-0"]
[WhiteElo "2630"]
[BlackElo "2600"]

1.d4 Nf6 2.Nf3 e6 3.g3 c5 4.Bg2 Qa5+ 5.Nbd2 cxd4 6.O-O d3 7.cxd3 d5 8.Nb3 Qd8
9.Bf4 Be7 10.Rc1 O-O 11.Nfd4 Na6 12.e4 Nd7 13.Bd2 dxe4 14.dxe4 Bf6 15.Qe2 e5
16.Nb5 b6 17.Rfd1 Qe7 18.Be3 Ndc5 19.Nxc5 Nxc5 20.Nc3 Bb7 21.Nd5 Bxd5 22.exd5 Rad8
23.Bxc5 bxc5 24.Qc4 e4 25.Qxc5 Qxc5 26.Rxc5 Bxb2 27.Bxe4  1-0

[Event "Szirak m"]
[Site "Szirak"]
[Date "1990.??.??"]
[Round "3"]
[White "Andersson, Ulf"]
[Black "Sax, Gyula"]
[Result "1/2-1/2"]
[WhiteElo "2630"]
[BlackElo "2600"]

1.c4 c5 2.b3 e5 3.g3 Nf6 4.Bb2 Nc6 5.Bg2 d5 6.cxd5 Nxd5 7.Nf3 f6 8.O-O Be7
9.Nc3 Be6 10.Rc1 Rc8 11.Nh4 Nxc3 12.dxc3 c4 13.b4 O-O 14.e4 g6 15.Qxd8 Rfxd8
16.Rfd1 b5 17.Bf3 a5 18.a3 Bf8 19.Ng2 Bh6 20.Rxd8+ Rxd8 21.Rd1 Rd2 22.Rxd2 Bxd2
23.Kf1 axb4 24.axb4 Nxb4 25.cxb4 c3 26.Ba3 c2 27.Ne3 c1=Q+ 28.Bxc1 Bxc1 29.Nd5 Kf7
30.Be2 Bd2 31.Bxb5 Bxd5  1/2-1/2

[Event "Szirak m"]
[Site "Szirak"]
[Date "1990.??.??"]
[Round "4"]
[White "Sax, Gyula"]
[Black "Andersson, Ulf"]
[Result "1/2-1/2"]
[WhiteElo "2600"]
[BlackElo "2630"]

1.e4 c5 2.Nf3 Nc6 3.d4 cxd4 4.Nxd4 g6 5.Nc3 Bg7 6.Be3 Nf6 7.Bc4 Qa5 8.O-O O-O
9.Bb3 d6 10.f3 Bd7 11.Qd2 Rfc8 12.Rad1 Rab8 13.Qf2 a6 14.Nde2 b5 15.Nf4 Qd8
16.Ncd5 Nxd5 17.Nxd5 Be6 18.f4 Bxd5 19.Bxd5 e6 20.Bb3 Na5 21.f5 Nxb3 22.cxb3 exf5
23.exf5 Be5 24.Bd4 Qf6 25.fxg6 Qxf2+ 26.Rxf2 hxg6 27.Bxe5 dxe5 28.Re2 Re8
29.Rd5 e4 30.Rd4 f5 31.Rd6 Kf7 32.Rxa6  1/2-1/2

[Event "Tilburg"]
[Site "Tilburg"]
[Date "1990.??.??"]
[Round "1"]
[White "Short, Nigel D"]
[Black "Andersson, Ulf"]
[Result "1/2-1/2"]
[WhiteElo "2610"]
[BlackElo "2630"]

1.e4 c5 2.Nf3 g6 3.c3 d5 4.exd5 Qxd5 5.Na3 Bg7 6.Bc4 Qe4+ 7.Be2 Nf6 8.Nb5 Na6
9.O-O O-O 10.Re1 Qd5 11.d4 cxd4 12.c4 Qd8 13.Nbxd4 Nc5 14.h3 b6 15.Be3 Bb7
16.b4 Nce4 17.Qb3 a6 18.a4 a5 19.bxa5 Nc5 20.Qxb6 Rxa5 21.Qxd8 Rxd8 22.Rab1 Rxa4
23.Rb5 Nfd7 24.Rd1 Be4 25.Ng5 Rc8 26.Bg4 f5 27.Nxe4 fxg4 28.Nc3 Rxc4 29.Nd5 Bf8
30.hxg4 e6 31.Nb6 Nxb6 32.Rxb6 Rd8 33.Rbb1 e5 34.Nf3 Rxd1+ 35.Rxd1 Rxg4 36.Rd8 Ne6
37.Rc8 Rb4 38.Bh6 Rb1+ 39.Kh2 Rd1 40.Bxf8 Nxf8 41.Nxe5 Kg7 42.Rc7+ Kf6 43.f4 Ke6
44.Rg7 Rd6 45.g3 Kf5 46.Kh3 Ne6 47.Rxh7 Ng5+ 48.fxg5 Kxe5 49.Rf7 Rc6  1/2-1/2